| 000 | 00360nam a22001457a 4500 | ||
|---|---|---|---|
| 020 | _a002319510 | ||
| 082 | _a330 CAR | ||
| 100 | _aRICHARD L. CARSON | ||
| 245 | _aCOMPARATIVE ECONOMIC SYSTEMS | ||
| 260 |
_aNEW YORK _bMACMILAN _c1974 |
||
| 300 |
_aXii, 717p. _bill.:23cm. |
||
| 500 | _ainclude index | ||
| 650 | _aCOMPARATIVE ECONOMIC SYSTEMS | ||
| 942 | _cBK | ||
| 999 |
_c16535 _d16535 |
||